00317pab a2200121 454500008004000000100001700040245004900057260000900106300001900115362002500134650001800159773001800177180718b1985 xxu||||| |||| 00| 0 eng d aSharma, B.D. aAdministering transition - some human issues c1985 a285-305,373-98 aJuly-Sept.,Oct.,Dec. aSocial Change aAdministrator